Cristianismo y sociedad : (Registro nro. 52117)
[ vista simple ]
| 000 -LÍDER | |
|---|---|
| Campo fijo de descripción fija | 01531aab a2200205 i 4500 |
| 001 - NÚMERO DE CONTROL | |
| Campo de control | 768714001 |
| 003 - IDENTIFICADOR DEL NÚMERO DE CONTROL | |
| Campo de control | CO-MdFUSB |
| 005 - FECHA Y HORA DE LA ULTIMA TRANSACCIÓN | |
| control field | 20250804145050.0 |
| 008 - ELEMENTOS DE LONGITUD FIJA -- INFORMACIÓN GENERAL | |
| Campo fijo de descripción fija -- Información general | 221006s2015 ag ||||| |||| 00| 0 spa d |
| 040 ## - FUENTE DE CATALOGACIÓN | |
| Idioma de catalogación | spa |
| Agencia que realiza la transcripción | CO-MdFUSB |
| Agencia que realiza la modificación | CO-MdFUSB |
| 041 ## - CÓDIGO DE IDIOMA | |
| Código de idioma para texto/pista de sonido o título separado | spa |
| 100 1# - ASIENTO PRINCIPAL--NOMBRE PERSONAL | |
| Nombre personal | Hofmeyr, J. W. |
| Término relacionador | autor |
| 245 10 - TÍTULO | |
| Título | Cristianismo y sociedad : |
| Subtitulo | el caso sudafricano |
| Mención de responsabilidad | / J. W. Hofmeyr |
| 300 ## - DESCRIPCIÓN FÍSICA | |
| Extensión | Volumen 14, número 1 (enero - marzo, 1995), páginas: 6 - 13 |
| Dimensiones | ; 27 cm |
| 520 ## - NOTA DE RESUMEN, ETC. | |
| Nota de sumario, etc. | En la conferencia dictada en la Universidad de Sudáfrica el profesor G.J. Pillay alegó que el curso de la historia del cristianismo en Sudáfrica las iglesias han interactuado con la sociedad de maneras muy diferentes. Se refirió a cuatro tipos de interacción: testimonio público, el desarrollo y la capacitación sociales, el fortalecimiento del poder social de los desheredados y el establecimiento de la vida comunitaria. El presente estudio intenta mostrar cómo estos cuatro tipos de interacción sugeridos por Pillay se han dado durante un periodo formativo de la historia de la República de Sudáfrica, es decir, durante la democratización del país, de 1990a 1994. En la primera sección enfocaremos el escenario de esa interacción; en la segunda relacionaremos los cuatro tipos de interacción con la experiencia de las iglesias en este periodo. |
| 650 #7 - ASIENTO SECUNDARIO DE MATERIA - TERMINO TEMÁTICO | |
| Término temático o nombre geográfico como elemento de entrada | Cristianismo |
| 9 (RLIN) | 22 |
| 773 0# - ASIENTO DE ITEM FUENTE | |
| Título | Iglesia y Misión |
| Biblionumber | 49402 |
| Itemnumber | 59644 |
| Parte(s) relacionada(s) / Volumen., número. (mes año), páginas | Volumen 14, número 1 (enero - marzo, 1995), páginas: 6 - 13 |
| Enumeración y primera página | página: 6 |
| 942 ## - TIPO DE MATERIAL (KOHA) | |
| Tipo de Item KOHA | Artículos de Revista |
| 945 ## - INFORMACIÓN LOCAL DEL REGISTRO | |
| Catalogador | JTF-925 |
No hay ítems disponibles.
